| 000 | 00540nam a22001697a 4500 | ||
|---|---|---|---|
| 003 | NUST | ||
| 038 | _aNusrat Nadeem | ||
| 082 | _a200 | ||
| 100 |
_aJavid, Rakhshanda _9124511 |
||
| 245 |
_aDevelopment of Crowd Behavior Analysis Techniques/ _cRakhshanda Javid |
||
| 264 |
_aRawalpindi; _bMCS NUST; _c2019. |
||
| 300 |
_a116,p; _bill; _c30,cm. |
||
| 650 |
_aPhD- Computer Software Engineering _9124478 |
||
| 700 |
_aSupervisor:Dr.Naveed Iqbal Rao _9124512 |
||
| 856 | _uhttp://10.250.8.41:8080/xmlui/handle/123456789/3722 | ||
| 942 |
_2ddc _cSC |
||
| 999 |
_c610349 _d610349 |
||